Geography Quiz

Random Geography or State Quiz

US State Capitals Tour Quiz Stats

 Plays Quiz Updated Sep 26, 2019

Score 0/50 Timer 06:00
17 Plays Today
Capital % Correct
Jefferson City, MO
100%
Springfield, IL
74%
Indianapolis, IN
71.5%
Frankfort, KY
66.2%
Columbus, OH
64.1%
Charleston, WV
60.3%
Richmond, VA
59.6%
Annapolis, MD
58.3%
Dover, DE
57.9%
Trenton, NJ
57.2%
Albany, NY
56.4%
Harrisburg, PA
56.2%
Hartford, CT
54.5%
Providence, RI
54.2%
Boston, MA
54.1%
Concord, NH
52.7%
Montpelier, VT
52.3%
Augusta, ME
51.9%
Lansing, MI
45.7%
Madison, WI
45.1%
Saint Paul, MN
44.6%
Des Moines, IA
43.5%
Lincoln, NE
42.2%
Topeka, KS
41.2%
Oklahoma City, OK
40.7%
Capital % Correct
Little Rock, AR
39.8%
Jackson, MS
38.1%
Baton Rouge, LA
36.8%
Montgomery, AL
35.2%
Atlanta, GA
34.7%
Columbia, SC
33.3%
Raleigh, NC
32.6%
Nashville, TN
29.6%
Tallahassee, FL
28.5%
Austin, TX
27.9%
Santa Fe, NM
27%
Denver, CO
26.4%
Cheyenne, WY
25.3%
Pierre, SD
23.7%
Bismarck, ND
23.1%
Helena, MT
22.9%
Boise, ID
22.5%
Salt Lake City, UT
20.9%
Carson City, NV
19.6%
Sacramento, CA
19.5%
Salem, OR
18.7%
Olympia, WA
18.4%
Honolulu, HI
18.3%
Juneau, AK
17.5%
Phoenix, AZ
16.2%

You're not logged in!

Compare scores with friends on all Sporcle quizzes.
OR
Log In

Sporcle TV

Today on Sporcle TV


Watch our educational content, quiz creation guides, and fun videos on Sporcle TV.

Show Comments

Extras

Top Quizzes Today


Score Distribution

Your Account Isn't Verified!

In order to create a playlist on Sporcle, you need to verify the email address you used during registration. Go to your Sporcle Settings to finish the process.

Report this User

Report this user for behavior that violates our Community Guidelines.

Details: